00623 2200229 4500001002100000005001500021035002000036007000300056008003900059020001900098082001000117084001600127100002000143245006200163250001400225260003900239300003600278500001100314650003100325990001900356990001800375INLIS00000000000344920221216074415 a0010-1222000025ta221216 | | |  a978979534252-5 a575.2 a575.2 ANN p0 aAnna Claybourne1 aPengantar GEN dan DNA :bPustaka Sains /cAnna Claybourne aCet. 1,-- aBandung. :bPT. Pakar Raya,c2006. a64 hlm. :bilus. ;c20 x 28 cm. aIndeks aPengalih bahasa, B. Waluyo a13755/P/B/2016 a6859/P/S/2013